Ordenanzas de S. M. para el régimen, disciplina, subordinación y servicio de sus ejércitos
Guardat en:
| Autor principal: | |
|---|---|
| Format: | Llibre |
| Idioma: | espanyol |
| Publicat: |
Madrid
Imprenta de los Señores Andrés y Díaz
1850
|
| Matèries: | |
| Etiquetes: |
Afegir etiqueta
Sense etiquetes, Sigues el primer a etiquetar aquest registre!
|
MARC
| LEADER | 00000nam a2200000 a 4500 | ||
|---|---|---|---|
| 001 | UCR3585 | ||
| 003 | CL-VaPUC | ||
| 008 | 980128e18500000SP |||||||||||||||||spa|d | ||
| 082 | 0 | 4 | |a 343.014 |b VAL |2 21 |
| 100 | 0 | |a Vallecillo, Antonio |e author |9 402531 | |
| 245 | 1 | 0 | |a Ordenanzas de S. M. para el régimen, disciplina, subordinación y servicio de sus ejércitos |
| 300 | |a v | ||
| 942 | |c BK | ||
| 945 | |d 19980128 00:00:00 |a crobeson | ||
| 260 | |a Madrid |b Imprenta de los Señores Andrés y Díaz |c 1850 | ||
| 650 | 0 | |a Derecho español |9 255291 | |
| 650 | 0 | |a Derecho militar |9 255065 | |
| 650 | 0 | |a Jurisprudencia |9 255952 | |
| 650 | 7 | |a MILICIA |2 CL-VaPUC |9 401381 | |
| 650 | 7 | |a ORDENANZAS |2 CL-VaPUC |9 367366 | |
| 650 | 7 | |a OFICIALIDAD |2 CL-VaPUC |9 388826 | |
| 650 | 0 | |a Fuerzas Armadas |9 255504 | |
| 651 | 0 | |a España |9 254926 | |
| 583 | |a last modification |c 19980128 00:00:00 |k Rodrigo Vera | ||
| 999 | |c 266641 |d 266639 | ||
| 952 | |0 0 |1 0 |4 0 |6 343_014000000000000_VAL_1850 |7 0 |8 DER_HIS |9 298427 |a BIBDER |b BIBDER |d 2019-11-20 |h v.1 |i 1947761 |o 343.014 VAL 1850 |p 1947761 |r 2023-01-25 |w 2019-11-20 |x Ubicación 4to Piso |y BK_X |z Estos recursos deben solicitarse con anticipación |k DER | ||